000 01234cam a2200337 a 4500
001 2558993
003 OSt
005 20250912110027.0
008 950202s1995 nyua b 001 0 eng
010 _a 95005931
020 _a9788185015378
020 _a0387903283 (alk. paper)
040 _aDLC
_cDLC
_dDLC
050 0 0 _aQA331.7
_b.C68 1995
082 0 0 _a515.93
_bCON/F
100 _aConway, John B
_93878
245 1 0 _aFunctions of one complex variable /
_cJohn B. Conway.
246 1 4 _aFunctions of one complex variable I
250 _a2nd ed.
260 _aNew York :
_bSpringer-Verlag,
_c1995.
300 _axiii, 317 p. :
_bill. ;
_c25 cm.
440 0 _aGraduate texts in mathematics ;
_v11
500 _a"Seventh corrected printing"--T.p. verso.
500 _aRev. and corr. ed. of: Functions of one complex variable. 2nd ed. c1978.
504 _aIncludes bibliographical references (p. 311-312) and index.
650 0 _aFunctions of complex variables.
906 _a7
_bcbc
_corignew
_d1
_eocip
_f19
_gy-gencatlg
942 _2ddc
_cBK
_h515.93
_iCON/F
_k515.93
_mCON/F
999 _c42403
_d42403